Uneven development in southern Europe : studies of accumulation, class, migration, and the state

Αποθηκεύτηκε σε:
Λεπτομέρειες βιβλιογραφικής εγγραφής
Άλλοι συγγραφείς: Hudson, Raymond (Επιμελητής έκδοσης), Lewis, Jim 1950- (Επιμελητής έκδοσης)
Μορφή: Βιβλίο
Γλώσσα:English
Δημοσίευση: London : Methuen, 1985
Θέματα:
Ετικέτες: Προσθήκη ετικέτας
Δεν υπάρχουν, Καταχωρήστε ετικέτα πρώτοι!

MARC

LEADER 00000nam a2200000 i 4500
001 1/73311
008 970331s1985 eng d
020 |a 0-416-32840-7 
035 |l 10003206 
040 |a GR-MY-UA  |b gre  |e aacr 
041 0 |a eng 
082 0 |a 330.94 
245 1 0 |a Uneven development in southern Europe :  |b studies of accumulation, class, migration, and the state /  |c Edited by Ray Hudson and Jim Lewis 
260 |a London :   |b Methuen,   |c 1985 
300 |a xi, 398 p.;  |b ill.;  |c 24 cm 
500 |a Revised papers from a conference on "National and regional development in the Mediterranean Basin" that was held at St. Aidan's College, University of Durham in Apr. 1982 
504 |a Bibliography: p. [351]-384. Includes index 
651 0 |a Europe, Southern  |x Economic conditions. 
700 1 |a Hudson, Raymond.  |4 edt 
700 1 |a Lewis, Jim  |d 1950-  |4 edt 
852 |a INST  |b LESVOS  |e 19970331  |h 330.94 UNE  |p 005100011697  |q 005100011697  |t BK  |y 0 
909 |a Λ  |b 02935